<?xml version="1.0" encoding="UTF-8"?>
<collection xmlns="http://www.loc.gov/MARC21/slim">
 <record>
  <leader>00464pamaa2200157   4500</leader>
  <controlfield tag="001">0000033111</controlfield>
  <controlfield tag="005">20070202090000.0</controlfield>
  <datafield tag="020" ind1="0" ind2="0">
   <subfield code="a">0684813262 </subfield>
  </datafield>
  <datafield tag="090" ind1="0" ind2="0">
   <subfield code="a">QH331 </subfield>
   <subfield code="b">MAR 1995</subfield>
  </datafield>
  <datafield tag="100" ind1="1" ind2="0">
   <subfield code="a">MARGULIS </subfield>
  </datafield>
  <datafield tag="245" ind1="1" ind2="0">
   <subfield code="a">What is life?  </subfield>
   <subfield code="c">Lynn Margulis and Dorion Sagan; foreword by Niles Eldredge.</subfield>
  </datafield>
  <datafield tag="260" ind1="0" ind2="0">
   <subfield code="a">New York: </subfield>
   <subfield code="b">Simon and Schuster, </subfield>
   <subfield code="c">1995.</subfield>
  </datafield>
  <datafield tag="300" ind1=" " ind2=" ">
   <subfield code="a">207p.: </subfield>
   <subfield code="b">col. ill.; </subfield>
   <subfield code="c">30cm.</subfield>
  </datafield>
  <datafield tag="650" ind1="0" ind2="0">
   <subfield code="a">Life (Biology) </subfield>
  </datafield>
  <datafield tag="650" ind1="0" ind2="0">
   <subfield code="a">Biology -- </subfield>
   <subfield code="x">Philosophy </subfield>
  </datafield>
  <datafield tag="700" ind1="1" ind2="1">
   <subfield code="a">Sagan, </subfield>
   <subfield code="h">Dorion </subfield>
  </datafield>
 </record>
</collection>
